000 00296nam a22001097a 4500
082 _a621.4368 HAR'D
100 _aHARTLEY, SMITH. D. I
_980020
245 _aDIESEL ENGINES MAINTENANCE A PRACTICAL GUIDE FOR THE SERVICE ENGINEERS
260 _aLONDON
_bILIFFE
_c1964
300 _a242P
942 _cBK
999 _c584998
_d584998